| 000 | 01126cam a22003374a 4500 | ||
|---|---|---|---|
| 999 |
_c23779 _d23779 |
||
| 001 | 16420725 | ||
| 003 | OSt | ||
| 005 | 20170127101130.0 | ||
| 008 | 100817s2010 enka b 000 0 eng d | ||
| 010 | _a 2010285970 | ||
| 015 |
_aGBA9B6683 _2bnb |
||
| 016 | 7 |
_a015433915 _2Uk |
|
| 020 | _a9781854186850 (pbk.) | ||
| 020 | _a185418685X (pbk.) | ||
| 035 | _a(OCoLC)ocn473475263 | ||
| 040 |
_aUKM _cUKM _dCDX _dYDXCP _dDLC |
||
| 042 |
_aukblcatcopy _alccopycat |
||
| 050 | 0 | 0 | _aHD2755.5 .T66 2010 |
| 082 | 0 | 4 |
_a658.049 _222 |
| 100 | 1 |
_aTomalin, Barry. _d2010 |
|
| 245 | 1 | 4 |
_aThe world's business cultures and how to unlock them / _cBarry Tomalin and Mike Nicks. |
| 250 | _a2nd ed. | ||
| 260 |
_aLondon : _bThorogood, _c2010. |
||
| 300 |
_ax, 340 p. : _bill. ; _c24 cm. |
||
| 500 | _aIncludes bibliographical references. | ||
| 600 | _2Corporate culture | ||
| 650 | 0 | _aInternational business enterprises. | |
| 650 | 0 | _aIntercultural communication. | |
| 650 | 0 | _aCorporate culture. | |
| 700 | 1 | _aNicks, Mike. | |
| 906 |
_a7 _bcbc _ccopycat _d2 _encip _f20 _gy-gencatlg |
||
| 942 |
_2lcc _cBOOKS _hHD2755.5 .T66 2010 _i28729 |
||